000 01474 a2200241 4500
001 63658
005 20260407155935.0
008 260407a2025 arg spa d
003 AR-UNSa-BCEJYS
040 _aAR-UNSa-BCEJYS
_bspa
_cAR-UNSa-BCEJYS
080 _a340.12
_xTendencias en la teoría del derecho. Escuelas, doctrinas jurídicas. Filosofía del derecho. Teorías sobre el Estado y el derecho
245 1 0 _aLa guerra silenciosa
_pLecturas de filosofía del derecho
020 _a978-950-23-2849-2
250 _a2a. ed.
264 1 _aBuenos Aires :
_bUniversidad de Buenos Aires. Facultad de Derecho. Departamento de Publicaciones
_c2025
300 _a562 p.
_c23 cm.
505 _aPrimera Parte: El discurso jurídico: sobre Carlos Alchourrón y Eugenio Bulygin o de cómo la mente lógica deviene política de poder e historia narrativa - Segunda Parte: El viejo cuento de la cooperación: Sobre Carlos Nino o de cómo todos los caminos conducen a la moralidad - Tercera Parte: La clave está en la práctica: sobre la teoría crítica del Derecho I - Cuarta Parte: El imperio del sentido: sobre Hans Kelsen o de cómo volver siempre sobre lo mismo - Quinta Parte: El sujeto de derecho: sobre la teoría crítica del derecho II.
041 _aspa
942 _cBK
590 _aniveau_biblio:m niveau_hierar:0
100 1 _aCorti, Horacio Guillermo
856 4 1 _uhttps://www.biblioeco.unsa.edu.ar/pmb/images/libros/L129423.jpg
_yImagen de portada
_qimage/jpeg
999 _c8265
_d8265